1420 1105 1745 1738 1004 1079 1788 1387 1335 1685 1178 1406 1389 1584 1993 1835 1481 1954 1315 1519 1871 1898 1149 1308 1043 1643 1038 1162 1385 1504 1461 1791 1279 1167 1436 1913 1286 1966 1095 1920 1266 1361 1611 1732 1271 1373 1574 1673 1908 1447 1528 1650 1170 1249 1889 1404 1731 1459 1290 1337 1426 1293 1874 1854 1808 1125 1661 1148 1391 1096 1566 1434 1267 1638 1083 1118 1685 1510 1378 1340 1665 1520 1240 1157 1066 1911 1756 1929 1236 1580 1540 1830 1110 1783 1704 1674 1588 1696 1864 BCNSPRNW ULIB Ver.6.0+V

เปลี่ยนเป็นภาษาไทย

Change to English
 แสดงรายละเอียดบรรณานุกรม
  กลับหน้าหลัก

Brief Record : Get Marc (ISO 2709) : E-mail record : QR code < ปิดหน้าต่าง
LEADER : 00000nam 2200000uu 4500
001    13399112623
003     ULIB
008    110829s2549||||th 000 0 tha d
020    9749770153
050 04 HV520.D7^bว739 2549
100 0  วิวัฒน์ วนรังสิกุล
245 00 โครงการงดเหล้าเข้าพรรษา :^bหนึ่งภาพสะท้อนทิศทางการทำงานเชิงเครือข่ายในสังคมไทย /^cจัดทำโดย บุญเรือง ขาวนวล ... [และคนอื่น ๆ] ; บรรณาธิการ,วิวัฒน์ วนรังสิกุล
246 24 รายงานการถอดบทเรียนโครงการงดเหล้าเข้าพรรษาปี 2548 ของสมาคมหมออนามัย :^bหนึ่งภาพสะท้อนทิศทางการทำงานเชิงเครือข่ายในสังคมไทย
260    นนทบุรี :^bสมาคมหมออนามัย,^c2549
300    217 หน้า :^bภาพประกอบ ;^c27 ซม.
610 27 โครงการงดเหล้าเข้าพรรษา
650  4 การดื่มสุรา^vวิจัย
650  4 วิจัย
700 0  บุญเรือง ขาวนวล
700 0  วิวัฒน์ วนรังสิกุล,^eบรรณาธิการ
710 2  สมาคมหมออนามัย
945    ^p0^l0^i018468
995    ทศพร
999 ^a ทศพร
รายการนี้ยังไม่มีแท็ก
คุณยังไม่ได้ล็อกอิน คุณสามารถมีกิจกรรมร่วมกับเว็บไซต์ได้ แต่ต้องล็อกอินก่อน ::
  ล็อกอิน

รายการสื่อสารสนเทศ

ลำดับที่ ประเภท เลขเรียก/บาร์โค้ด สถานที่ สถานะ
- ไม่พบข้อมูล -

รายการใกล้เคียง
    ผู้แต่ง [วิวัฒน์ วนรังสิกุล]

    หัวเรื่อง [วิจัย]

BibComment


ยังไม่เคยถูกคอมเมนท์

คอมเมนท์ทรัพยากรรายการนี้
  คอมเมนท์: โครงการงดเหล้าเข้..


 Copyright 2026. Bcnsprnw @Library